|
|
|
|
| LEADER |
00000nta a2200000 i 4500 |
| 001 |
dolg33998 |
| 005 |
20210624113239.0 |
| 008 |
210624suuuu hu om 000 hun d |
| 040 |
|
|
|a BGE Dolgozattár Repozitórium
|b hun
|
| 041 |
|
|
|a hu
|
| 100 |
1 |
|
|a Kvasznicki Dóra
|
| 245 |
1 |
2 |
|a A multikulturalizmus kommunikációs kihívásai munkahelyi környezetben különös tekintettel a konfliktuskezelésre
|c Kvasznicki Dóra
|h [elektronikus dokumentum]
|
| 695 |
|
|
|a Szervezeti kultúra
|
| 695 |
|
|
|a Kulturális különbségek
|
| 700 |
1 |
|
|a Nincs adat Nincs adat
|e ths
|
| 856 |
4 |
0 |
|u http://dolgozattar.uni-bge.hu/33998/1/D_16131_VOK6WI%20-%20Kvasznicki%20D%C3%B3ra.pdf
|z Dokumentum-elérés
|